[Event "13th Hainan Danzhou GM"]
[Site "Danzhou CHN"]
[Date "2022.12.14"]
[Round "7.4"]
[White "Ju, Wenjun"]
[Black "Giri, Anish"]
[Result "0-1"]
[WhiteTitle "GM"]
[BlackTitle "GM"]
[WhiteElo "2555"]
[BlackElo "2764"]
[WhiteFideId "8603006"]
[BlackFideId "24116068"]
[EventDate "2022.12.12"]

1. d4 d5 2. c4 c6 3. Nf3 Nf6 4. e3 Bf5 5. Bd3 Bg6 6. O-O e6 7. Nc3 Nbd7 8. b3
Bd6 9. Bb2 Ne4 10. Qc2 f5 11. Ne2 Qf6 12. Ne1 Qh4 13. g3 Qe7 14. f3 Nef6 15. Ng2
O-O 16. Rae1 Rae8 17. Nef4 Bf7 18. Nh3 Kh8 19. Nf2 c5 20. e4 fxe4 21. fxe4 dxc4
22. Bxc4 cxd4 23. Bxd4 Ne5 24. Be2 Nc6 25. Be3 Rc8 26. Qb1 Bc5 27. Bxc5 Qxc5 28.
Rc1 Qb6 29. Kh1 Ne5 30. Rxc8 Rxc8 31. Qb2 Qc5 32. Nd3 Nxd3 33. Bxd3 e5 34. Nh4
Be6 35. Qf2 Qc3 36. Bb1 Bh3 37. Ng2 h6 38. Qe2 Ng4 39. Qd3 Bxg2+ 40. Kxg2 Ne3+ 0-1